Statistiques concernant Classements des poules de la coupe du monde de rugby 2019.

Cliquez ici pour prendre le quiz!

Statistiques générales

  • Ce quiz a été pris 208 fois
  • Le résultat moyen est 18 sur 20

Statistiques - réponses

Pays présents (dans le désordre)Nombre de points% Correct
Etats-Unis17Angleterre
95%
Angleterre15France
95%
Samoa19Japon
94%
Italie16Nouvelle-Zélande
93%
Namibie15Afrique du Sud
91%
France11Argentine
91%
Irlande16Irlande
91%
Pays de Galles16Australie
90%
Uruguay19Pays de Galles
90%
Japon11Ecosse
89%
Tonga6Tonga
89%
Nouvelle-Zélande12Italie
88%
Australie7Fidji
87%
Argentine0Etats-Unis
86%
Russie5Samoa
86%
Ecosse0Russie
84%
Afrique du Sud2Canada
83%
Canada2Namibie
83%
Fidji4Uruguay
82%
Géorgie5Géorgie
81%

Distribution des résultats

Percentile par nombre de réponses

% des personnes avec chaque résultat

Votre développement - résultats

Vous n’avez pas pris ce quiz